| 000 -LEADER |
| fixed length control field |
01173cam a22003014a 4500 |
| 001 - CONTROL NUMBER |
| control field |
15528636 |
| 005 - DATE AND TIME OF LATEST TRANSACTION |
| control field |
20201021133104.0 |
| 008 - FIXED-LENGTH DATA ELEMENTS--GENERAL INFORMATION |
| fixed length control field |
081119s2016 nyu b 001 0 eng |
| 020 ## - INTERNATIONAL STANDARD BOOK NUMBER |
| International Standard Book Number |
9789814670234 |
| 035 ## - SYSTEM CONTROL NUMBER |
| System control number |
(OCoLC)ocn225873609 |
| 041 ## - LANGUAGE CODE |
| Language code of text/sound track or separate title |
eng |
| 080 ## - UNIVERSAL DECIMAL CLASSIFICATION NUMBER |
| Universal Decimal Classification number |
616.89 K-51 |
| 100 1# - MAIN ENTRY--PERSONAL NAME |
| Personal name |
Klamen, Debra L. |
| 9 (RLIN) |
9624 |
| 245 10 - TITLE STATEMENT |
| Title |
PreTest psychiatry : |
| Remainder of title |
PreTest self-assessment and review. |
| 264 ## - PRODUCTION, PUBLICATION, DISTRIBUTION, MANUFACTURE, AND COPYRIGHT NOTICE |
| Place of production, publication, distribution, manufacture |
New York : |
| Name of producer, publisher, distributor, manufacturer |
McGraw-Hill Medical, |
| Date of production, publication, distribution, manufacture, or copyright notice |
2009. |
| 300 ## - PHYSICAL DESCRIPTION |
| Extent |
302 p. ; |
| Dimensions |
21 cm. |
| 490 1# - SERIES STATEMENT |
| Series statement |
PreTest self-assessment and review |
| 504 ## - BIBLIOGRAPHY, ETC. NOTE |
| Bibliography, etc. note |
Includes bibliographical references (p. 291) and index. |
| 650 #0 - SUBJECT ADDED ENTRY--TOPICAL TERM |
| Topical term or geographic name entry element |
Psychiatry |
| 9 (RLIN) |
9625 |
| 650 12 - SUBJECT ADDED ENTRY--TOPICAL TERM |
| Topical term or geographic name entry element |
Mental Disorders |
| Form subdivision |
Examination Questions. |
| 9 (RLIN) |
9626 |
| 650 22 - SUBJECT ADDED ENTRY--TOPICAL TERM |
| Topical term or geographic name entry element |
Psychotherapy |
| Form subdivision |
Examination Questions. |
| 9 (RLIN) |
9627 |
| 653 ## - INDEX TERM--UNCONTROLLED |
| keyword |
მედიცინა |
| 653 ## - INDEX TERM--UNCONTROLLED |
| keyword |
ფსიქიკური აშლილობები |
| 653 ## - INDEX TERM--UNCONTROLLED |
| keyword |
ფსიქიატრია |
| 830 #0 - SERIES ADDED ENTRY--UNIFORM TITLE |
| Uniform title |
PreTest self-assessment and review |
| 9 (RLIN) |
9628 |
| 942 ## - ADDED ENTRY ELEMENTS (KOHA) |
| Source of classification or shelving scheme |
|
| Koha item type |
წიგნი |